GP von Saudi-Arabien (2025) - Ergebnisse - Statistiken

Allgemein
  • Dieses Quiz wurde 65 mal gespielt
  • Das Durchschnittsergebnis liegt bei 9 aus 10
Antwortstatistiken
Position Punkte Fahrer % Korrekt
2 18 Max Verstappen
100%
4 12 Lando Norris
98%
7 6 Lewis Hamilton
98%
3 15 Charles Leclerc
97%
1 25 Oscar Piastri
97%
6 8 Kimi Antonelli
95%
5 10 George Russell
93%
8 4 Carlos Sainz
86%
9 2 Alex Albon
85%
10 1 Isack Hadjar
83%
Keine übereinstimmenden Quizze gefunden
Verteilung der Resultate
Anzahl Personen mit jedem Resultat
Perzentil nach korrekt beantworteten Fragen
Ihre Resultats-Entwicklung
Sie haben dieses Quiz noch nicht gespielt